Statistics for Official Languages Spoken in the Most Countries

Click here to take the quiz!

General Stats

  • This quiz has been taken 46,179 times
    (5,560 since last reset)
  • The average score is 21 of 27

Answer Stats

# Countries Language % Correct
20Spain, Peru, ...Spanish
100%
29France, Canada, ...French
100%
6Germany, Austria, Switzerland, ...German
99%
60Canada, South Africa, ...English
99%
4Italy, San Marino, Switzerland,
Vatican City
Italian
98%
3China, Taiwan, SingaporeMandarin
98%
4Russia, Belarus, Kazakhstan,
Kyrgyzstan
Russian
98%
9Portugal, Brazil, ...Portuguese
98%
22Egypt, Iraq, Saudi Arabia, ...Arabic
97%
2Cyprus, GreeceGreek
94%
2North Korea, South KoreaKorean
93%
3Belgium, Netherlands, SurinameDutch
92%
2Turkey, CyprusTurkish
91%
2Sweden, FinlandSwedish
90%
5Bosnia, Croatia, Kosovo,
Montenegro, Serbia
Serbo-Croatian
87%
2Moldova, RomaniaRomanian
84%
4Brunei, Malaysia, Indonesia,
Singapore
Malay /
Indonesian
83%
3Albania, Kosovo, North MacedoniaAlbanian
81%
2Fiji, IndiaHindi
79%
3Iran, Afghanistan, TajikistanPersian
74%
3Kenya, Tanzania, UgandaSwahili
67%
2Sri Lanka, SingaporeTamil
50%
2Algeria, MoroccoBerber
41%
2Bolivia, PeruQuechua
33%
2South Africa, EswatiniSwazi
32%
2South Africa, LesothoSotho
30%
2South Africa, BotswanaTswana
25%

Score Distribution

Percentile by Number Answered

Percent of People with Each Score

Your Score History

You have not taken this quiz since the last reset